The History of Essex from the earliest period to the present time. Illustrated with accurate engravings of churches, monuments, ancient buildings, seals, portraits, autographs, &c. With biographical notices of the most distinguished and remarkable natives

Saved in:
Bibliografiske detaljer
Hovedforfatter: Ogborne, Elizabeth (Author)
Format: Bog
Sprog:engelsk
Udgivet: Londres Longman, Hurst, Rees, Orme & Brown 1814
Udgivelse:1a. ed
Fag:
Tags: Tilføj Tag
Ingen Tags, Vær først til at tagge denne postø!

MARC

LEADER 00000nam a2200000 a 4500
001 UCJ6938
003 CL-VaPUC
008 070124e18140000UK |||||||||||||||||eng|d
082 0 4 |a 942  |b OGB  |2 21 
100 0 |a Ogborne, Elizabeth  |e author  |9 514596 
245 1 4 |a The History of Essex from the earliest period to the present time. Illustrated with accurate engravings of churches, monuments, ancient buildings, seals, portraits, autographs, &c. With biographical notices of the most distinguished and remarkable natives 
250 |a 1a. ed 
300 |a iv, 280 p 
942 |c BK 
945 |d 20070124 00:00:00  |a rinostro 
260 |a Londres  |b Longman, Hurst, Rees, Orme & Brown  |c 1814 
500 |a Iconografía e ilustraciones sin indizar 
650 0 |a Arqueología   |9 265619 
650 7 |a BIOGRAFIA  |2 CL-VaPUC  |9 504622 
650 0 |a Iconografía   |9 267998 
650 0 |a Numismática  |9 318332 
650 7 |a HERALDICA  |2 CL-VaPUC  |9 388228 
650 0 |a Arquitectura  |9 804558 
650 7 |a TEMPLOS  |2 CL-VaPUC  |9 266644 
651 0 |a Inglaterra  |9 255158 
583 |a last modification  |c 20121221 11:12:02  |k Rodrigo Vera 
999 |c 323040  |d 323038 
952 |0 0  |1 0  |4 0  |6 942_000000000000000_OGB_1814  |7 0  |8 X  |9 402274  |a FDOBUD  |b FDOBUD  |d 2019-11-22  |i 1055240  |o 942 OGB 1814  |p 1055240  |r 2019-11-22  |w 2019-11-22  |y BK_X  |k BUD